000 00408 a2200169 4500
001 72943
020 _a8508081251
040 _cAnchieta - Colégio São Paulo
100 _aPazzinato, Alceu L.
240 1 0 _aHistória moderna e contemporânea
_lpor
245 1 0 _aHistória moderna e contemporânea
300 _a424
362 0 _a2004
440 1 _aÁtica
650 4 _aHistória do mundo
942 _cBK
999 _c72943
_d72943